000 01034nas a2200325 4500
001 BR2017000066
003 BR-BrBNA
005 20231205130809.0
007 ta
008 230509b bl.|||p| |||| 00| 00por d
040 _aBR-BrBNA
_bpor
_cBiblioteca Nacional de Agricultura
041 _a(En)
072 _aH50
100 1 _aSilva, L.Q.
100 1 _aJakelaitis, A.
100 1 _aVasconcelos Filho, S.C.
100 1 _aCosta, A.C.
100 1 _aAraújo, A.C.F.
245 1 _aMorpho-anatomical changes of pequi leaves (Caryocar brasiliense Cambess.)exposed to simulated drift of glyphosate
650 _aPEQUI
650 _aANATOMIA VEGETAL
650 _aFOLHA
650 _aMEIO AMBIENTE
650 _aCONTAMINAÇÃO
650 _aDISTÚRBIO VEGETAL
773 0 _tRevista Árvore (Brazil)
_xISSN 1806-9088
_g(Jul-Aug 2016), v. 40(4) p. 669-677
_wBR2017000066
856 4 0 _uhttp://www.scielo.br/pdf/rarv/v40n4/0100-6762-rarv-40-04-0669.pdf
909 _a202311
_bLúcia
_c55
_dLúcia Elande
942 _2AGRIS
_n0
_cANA
999 _c251310
_d251310